[Event "Oberliga Ost-B 1920"]
[Site "Germany"]
[Date "2021.07.17"]
[Round "10.6"]
[White "Werner, Justus"]
[Black "Cherny, Andrey"]
[Result "0-1"]
[WhiteElo "1946"]
[BlackElo "2188"]
[PlyCount "80"]
[EventDate "2019.09.29"]
[EventType "team-tourn"]
[EventRounds "11"]
[EventCountry "GER"]
[SourceTitle "EXT 2023"]
[Source "ChessBase"]
[SourceDate "2022.10.05"]
[SourceVersion "1"]
[SourceVersionDate "2022.10.05"]
[SourceQuality "1"]
[WhiteTeam "Stadtilm Blau Weiss"]
[BlackTeam "Bad Emstal/Wolfhagen"]
[WhiteTeamCountry "GER"]
[BlackTeamCountry "GER"]

1. c4 c6 2. d4 d5 3. Nf3 Nf6 4. g3 dxc4 5. Bg2 Bf5 6. Nbd2 Qa5 7. 0-0 c3 8. Nb3 cxb2 9. Bxb2 Qc7 10. Nh4 Bc8 11. e4 e6 12. d5 Be7 13. Re1 exd5 14. exd5 0-0 15. Be5 Qd7 16. d6 Bd8 17. Nc5 Qg4 18. Qd2 Nbd7 19. h3 Qc4 20. Rac1 Qb5 21. Bf1 Ba5 22. Bc3 Bxc3 23. Rxc3 Qb4 24. a3 Qa5 25. Ne4 Nxe4 26. Rxe4 Nf6 27. Re1 Nd5 28. Rd3 Qxd2 29. Rxd2 Be6 30. f4 g6 31. Bc4 Rfd8 32. Bxd5 cxd5 33. Rc1 Rxd6 34. Rc7 b5 35. g4 d4 36. Kf2 a5 37. Nf3 d3 38. Ke3 Re8 39. Ne5 f6 40. Rxd3 Rxd3+ 0-1

[Event "GER Cup Net V2 U2400"]
[Site "Playchess.com INT"]
[Date "2020.05.22"]
[Round "6"]
[White "Cherny, Andrey"]
[Black "Braun, Georg"]
[Result "0-1"]
[WhiteElo "2225"]
[BlackElo "2171"]
[PlyCount "86"]
[EventDate "2020.05.22"]
[EventType "swiss (blitz)"]
[EventRounds "9"]
[EventCountry "GER"]
[SourceTitle "EXT 2021"]
[Source "ChessBase"]
[SourceDate "2020.10.23"]
[SourceVersion "1"]
[SourceVersionDate "2020.10.23"]
[SourceQuality "1"]

1. Nf3 Nf6 2. e3 c5 3. b3 g6 4. Bb2 Bg7 5. c4 0-0 6. Be2 Nc6 7. 0-0 b6 8. d4 cxd4 9. Nxd4 Bb7 10. Nd2 Nxd4 11. Bxd4 Rc8 12. Rc1 d6 13. Bf3 Qc7 14. Bxb7 Qxb7 15. Qf3 Qxf3 16. Nxf3 Nd7 17. Bxg7 Kxg7 18. Nd4 a6 19. Rfd1 Rc7 20. Kf1 Rfc8 21. Ne2 Nc5 22. f3 Nd7 23. Ke1 f5 24. Nf4 Kf7 25. Nd5 Rb7 26. Kd2 Nf6 27. Nxf6 Kxf6 28. Rc3 Ke6 29. Rdc1 Rbc7 30. Kd3 Rc5 31. e4 fxe4+ 32. Kxe4 b5 33. Kd4 b4 34. Re3+ Kd7 35. Rce1 e5+ 36. Kd3 Rf8 37. Re4 Rf7 38. h4 Kc6 39. R1e2 a5 40. h5 g5 41. h6 Rf6 42. Rg4 Rxh6 43. Rxg5 e4+ 0-1

[Event "GER Cup Net V2 U2400"]
[Site "Playchess.com INT"]
[Date "2020.05.22"]
[Round "2"]
[White "Cherny, Andrey"]
[Black "Kraemer, Enrico"]
[Result "1-0"]
[WhiteElo "2225"]
[BlackElo "2018"]
[PlyCount "99"]
[EventDate "2020.05.22"]
[EventType "swiss (blitz)"]
[EventRounds "9"]
[EventCountry "GER"]
[SourceTitle "EXT 2021"]
[Source "ChessBase"]
[SourceDate "2020.10.23"]
[SourceVersion "1"]
[SourceVersionDate "2020.10.23"]
[SourceQuality "1"]

1. Nf3 Nf6 2. e3 g6 3. b3 Bg7 4. Bb2 c5 5. c4 0-0 6. Be2 Nc6 7. 0-0 d5 8. cxd5 Nxd5 9. Bxg7 Kxg7 10. Qc1 b6 11. d4 Qd6 12. dxc5 bxc5 13. Na3 Bg4 14. Rd1 f5 15. h3 Bh5 16. Nb5 Qd7 17. Qxc5 e6 18. Rac1 Rac8 19. Qd6 Qxd6 20. Nxd6 Rc7 21. e4 Nf4 22. Bf1 fxe4 23. g4 exf3 24. gxh5 Ne2+ 25. Bxe2 fxe2 26. Re1 Rd7 27. Rxc6 Rfd8 28. hxg6 hxg6 29. Rxe2 Rxd6 30. Rxe6 Rd1+ 31. Kg2 R8d7 32. Rxg6+ Kf7 33. Rcf6+ Ke7 34. Re6+ Kf7 35. Ra6 R1d2 36. Rh6 Kg7 37. Rhf6 Rc2 38. Rf3 Re7 39. Kg3 Rc1 40. Rf4 Rg1+ 41. Kf3 Rh1 42. h4 Rh3+ 43. Kg2 Rd3 44. Rg4+ Kf7 45. h5 Rd2 46. h6 Ree2 47. Rxa7+ Kf8 48. Rf4+ Kg8 49. Rg7+ Kh8 50. Rf8# 1-0

[Event "GER Cup Net V2 U2400"]
[Site "Playchess.com INT"]
[Date "2020.05.22"]
[Round "7"]
[White "Lagunow, Raphael"]
[Black "Cherny, Andrey"]
[Result "1-0"]
[WhiteElo "2076"]
[BlackElo "2225"]
[PlyCount "105"]
[EventDate "2020.05.22"]
[EventType "swiss (blitz)"]
[EventRounds "9"]
[EventCountry "GER"]
[SourceTitle "EXT 2021"]
[Source "ChessBase"]
[SourceDate "2020.10.23"]
[SourceVersion "1"]
[SourceVersionDate "2020.10.23"]
[SourceQuality "1"]

1. e4 c5 2. Nf3 d6 3. d4 cxd4 4. Nxd4 Nf6 5. Nc3 a6 6. Bg5 e6 7. f4 Qb6 8. Qd2 Nc6 9. Bxf6 gxf6 10. Nb3 h5 11. 0-0-0 Bd7 12. Be2 0-0-0 13. Rhf1 Be7 14. Kb1 Kb8 15. Rf3 Rdg8 16. Bf1 Rc8 17. f5 Ne5 18. Rh3 a5 19. fxe6 fxe6 20. Nd4 Nc4 21. Bxc4 Rxc4 22. Rg3 Bf8 23. Rg6 Be8 24. Rxf6 Rxd4 25. Qxd4 Qxd4 26. Rxd4 Bg7 27. e5 dxe5 28. Rd8+ Kc7 29. Rxe8 Bxf6 30. Rxe6 Bd8 31. Rxe5 b6 32. a4 h4 33. Nb5+ Kc6 34. c3 Rg8 35. Re2 Kd5 36. Kc2 Bf6 37. Nc7+ Kc6 38. Ne6 Rg4 39. b3 Kd5 40. Kd3 Rg8 41. Nf4+ Kc5 42. Re6 Rd8+ 43. Ke4 Bxc3 44. Nd3+ Rxd3 45. Kxd3 Bg7 46. Re4 Bf6 47. g3 hxg3 48. hxg3 Bb2 49. g4 Kd6 50. g5 Bg7 51. g6 Bf6 52. Kc4 Bg7 53. Kb5 1-0

[Event "GER-ch Net Amateur Gr-A Vor3"]
[Site "Playchess.com INT"]
[Date "2020.04.16"]
[Round "3"]
[White "Cherny, Andrey"]
[Black "Wend, Uwe"]
[Result "0-1"]
[WhiteElo "2227"]
[BlackElo "2016"]
[PlyCount "92"]
[EventDate "2020.04.16"]
[EventType "swiss (blitz)"]
[EventRounds "9"]
[EventCountry "GER"]
[SourceTitle "CBM 195 Extra"]
[Source "ChessBase"]
[SourceDate "2020.05.31"]
[SourceVersion "1"]
[SourceVersionDate "2020.05.31"]
[SourceQuality "1"]

1. Nf3 c5 2. e3 d6 3. b3 e5 4. Bb2 Nc6 5. d3 f5 6. Nbd2 Nf6 7. g3 Be7 8. Bg2 Qc7 9. 0-0 0-0 10. c4 h6 11. Nh4 Kh7 12. f4 g5 13. fxg5 hxg5 14. Nxf5 Kg6 15. Nxe7+ Qxe7 16. Ne4 Ng4 17. Qe2 Be6 18. h3 Nf6 19. Nxf6 Rxf6 20. Rxf6+ Qxf6 21. Rf1 Qe7 22. Be4+ Kh6 23. Kg2 Rf8 24. Rh1 Bf5 25. Bd5 Nb4 26. Be4 Bxe4+ 27. dxe4 Qe6 28. a3 Nc6 29. Rf1 Rf6 30. Rxf6+ Qxf6 31. Qg4 Ne7 32. Qd7 Ng6 33. Qxb7 g4 34. Qd7 Qf3+ 35. Kg1 Qxg3+ 36. Kf1 Qxh3+ 37. Ke1 Qf3 38. Qf5 Qh1+ 39. Kd2 g3 40. b4 g2 41. bxc5 g1Q 42. cxd6 Qhg2+ 43. Kc3 Qe1+ 44. Kb3 Qd1+ 45. Kb4 Qxd6+ 46. Kb3 Qb6+ 0-1

[Event "GER-ch Net blitz qual5"]
[Site "Playchess.com INT"]
[Date "2020.03.28"]
[Round "10"]
[White "Butcher, Daniel"]
[Black "Cherny, Andrey"]
[Result "0-1"]
[WhiteElo "1980"]
[BlackElo "2188"]
[PlyCount "108"]
[EventDate "2020.03.28"]
[EventType "swiss (blitz)"]
[EventRounds "13"]
[EventCountry "GER"]
[SourceTitle "CBM 195 Extra"]
[Source "ChessBase"]
[SourceDate "2020.05.31"]
[SourceVersion "1"]
[SourceVersionDate "2020.05.31"]
[SourceQuality "1"]

1. d4 d5 2. Nc3 Bf5 3. Bf4 e6 4. f3 Bg6 5. e4 Bb4 6. Bd3 Nc6 7. Nge2 Nge7 8. a3 Bxc3+ 9. bxc3 0-0 10. h4 h6 11. Qd2 f5 12. e5 Na5 13. Kf2 Qd7 14. Rag1 Qa4 15. g4 Nc4 16. Bxc4 dxc4 17. gxf5 Rxf5 18. h5 Bxh5 19. Ng3 Rxf4 20. Nxh5 Rf7 21. Nxg7 Rxg7 22. Rxg7+ Kxg7 23. Qxh6+ Kf7 24. Qf6+ Ke8 25. Rh8+ Kd7 26. Rxa8 Qxc2+ 27. Kg3 Qxc3 28. d5 Qe1+ 29. Kg2 Qd2+ 30. Kg3 Qxd5 31. Rh8 Nf5+ 32. Kf4 Qd4+ 33. Kg5 Qg1+ 34. Kh5 Qg7 35. Qxg7+ Nxg7+ 36. Kg6 Nf5 37. Kf6 c3 38. Rh7+ Kc6 39. Kxe6 Nd4+ 40. Kf6 c2 41. Rh1 Kd5 42. Rc1 a5 43. f4 b5 44. f5 b4 45. axb4 axb4 46. e6 b3 47. e7 b2 48. Rxc2 Nxc2 49. e8Q b1Q 50. Qd7+ Ke4 51. Qe6+ Kf3 52. Qd5+ Kf2 53. Qc5+ Ne3 54. Qxc7 Nd5+ 0-1

[Event "GER-ch Net blitz qual5"]
[Site "Playchess.com INT"]
[Date "2020.03.28"]
[Round "5"]
[White "Cherny, Andrey"]
[Black "Mueller, Markus"]
[Result "1-0"]
[WhiteElo "2188"]
[BlackElo "2124"]
[PlyCount "127"]
[EventDate "2020.03.28"]
[EventType "swiss (blitz)"]
[EventRounds "13"]
[EventCountry "GER"]
[SourceTitle "CBM 195 Extra"]
[Source "ChessBase"]
[SourceDate "2020.05.31"]
[SourceVersion "1"]
[SourceVersionDate "2020.05.31"]
[SourceQuality "1"]

1. Nf3 c5 2. e3 g6 3. d4 Bg7 4. c3 Nf6 5. dxc5 Ne4 6. Qd5 Nf6 7. Qc4 0-0 8. Be2 b6 9. cxb6 Ba6 10. b7 Bxb7 11. Qb3 Qc7 12. h3 Na6 13. 0-0 Nc5 14. Qa3 a5 15. Nbd2 Rfb8 16. Rb1 e6 17. Rd1 Bf8 18. c4 Nce4 19. Qd3 Nxd2 20. Nxd2 d5 21. b3 Rd8 22. Qc2 Rac8 23. Bb2 Bg7 24. Bc3 h5 25. Qb2 Qe7 26. cxd5 Rxc3 27. Qxc3 Ne4 28. Qxa5 Nc3 29. Bf3 Nxb1 30. Nxb1 exd5 31. Qb6 Rd6 32. Qb4 Qd7 33. Nc3 Bc6 34. Ne2 Bf8 35. Qc3 d4 36. Nxd4 Bxf3 37. gxf3 Bg7 38. Qc4 Bxd4 39. Rxd4 Rxd4 40. Qxd4 Qxh3 41. Qf4 Qe6 42. Kg2 Qd5 43. e4 Qd3 44. Qb8+ Kh7 45. Qb7 Kg7 46. a4 Qd2 47. Qd5 Qf4 48. a5 h4 49. Qd7 g5 50. a6 Kg6 51. a7 Kh5 52. Qg4+ Qxg4+ 53. fxg4+ Kxg4 54. a8Q h3+ 55. Kh2 Kf3 56. e5+ Kxf2 57. Kxh3 g4+ 58. Kxg4 f5+ 59. Kxf5 Kg1 60. e6 Kh2 61. e7 Kh3 62. b4 Kh4 63. b5 Kh5 64. Qh8# 1-0

[Event "GER-ch Net blitz qual4"]
[Site "Playchess.com INT"]
[Date "2020.03.23"]
[Round "9"]
[White "Cherny, Andrey"]
[Black "Krastev, Alexander"]
[Result "1-0"]
[WhiteElo "2188"]
[BlackElo "2340"]
[PlyCount "133"]
[EventDate "2020.03.23"]
[EventType "swiss (blitz)"]
[EventRounds "9"]
[EventCountry "GER"]
[SourceTitle "CBM 195 Extra"]
[Source "ChessBase"]
[SourceDate "2020.05.31"]
[SourceVersion "1"]
[SourceVersionDate "2020.05.31"]
[SourceQuality "1"]

1. Nf3 c5 2. e3 g6 3. c3 Bg7 4. d4 Nf6 5. Be2 0-0 6. 0-0 b6 7. Ne5 Bb7 8. Bf3 Qc7 9. Bxb7 Qxb7 10. Qf3 Qxf3 11. Nxf3 d6 12. Rd1 Nbd7 13. Kf1 Rfc8 14. Ke2 b5 15. a4 b4 16. Nbd2 a5 17. cxb4 axb4 18. b3 Nd5 19. Bb2 cxd4 20. Nxd4 Nc3+ 21. Bxc3 bxc3 22. N2f3 Nc5 23. Rdc1 e5 24. b4 exd4 25. bxc5 dxc5 26. exd4 cxd4 27. Kd3 Ra5 28. Rcb1 g5 29. h3 h5 30. Rb4 g4 31. hxg4 hxg4 32. Ne1 Rf5 33. Ra2 Re8 34. Re2 Rxe2 35. Kxe2 Re5+ 36. Kd1 Re6 37. Nd3 Kh7 38. a5 Ra6 39. Rb5 Kg6 40. Kc2 f5 41. Nc5 Ra7 42. a6 Kg5 43. Rb7 Ra8 44. Rxg7+ Kf6 45. Rb7 Re8 46. a7 Re2+ 47. Kc1 Re1+ 48. Kc2 Re2+ 49. Kb3 c2 50. Kb2 d3 51. Nxd3 Re8 52. Rb8 Re2 53. a8Q c1Q+ 54. Kxc1 g3 55. Qc6+ Re6 56. Qxe6+ Kxe6 57. fxg3 f4 58. gxf4 Kf5 59. Rb4 Kg4 60. Kd2 Kg3 61. f5 Kxg2 62. f6 Kg3 63. f7 Kg2 64. f8Q Kg3 65. Qf4+ Kg2 66. Qg5+ Kf1 67. Rf4# 1-0

[Event "GER-ch Net blitz qual4"]
[Site "Playchess.com INT"]
[Date "2020.03.23"]
[Round "5"]
[White "Gallasch, Jonas"]
[Black "Cherny, Andrey"]
[Result "0-1"]
[WhiteElo "2066"]
[BlackElo "2188"]
[PlyCount "144"]
[EventDate "2020.03.23"]
[EventType "swiss (blitz)"]
[EventRounds "9"]
[EventCountry "GER"]
[SourceTitle "CBM 195 Extra"]
[Source "ChessBase"]
[SourceDate "2020.05.31"]
[SourceVersion "1"]
[SourceVersionDate "2020.05.31"]
[SourceQuality "1"]

1. d4 d5 2. c4 c6 3. cxd5 cxd5 4. Bf4 Nc6 5. Nc3 e5 6. Bxe5 Nxe5 7. dxe5 d4 8. Qa4+ Qd7 9. Qxd7+ Bxd7 10. Ne4 Bb4+ 11. Kd1 Ba4+ 12. b3 Bc6 13. Nd6+ Ke7 14. Nf3 Bxf3 15. exf3 Bxd6 16. exd6+ Kxd6 17. Kd2 Ne7 18. Bc4 Rhf8 19. Rac1 a6 20. Bd3 f5 21. f4 Nc6 22. Rhe1 g6 23. Bc4 Rfe8 24. a3 b5 25. Bd3 Na5 26. Bc2 Rac8 27. Rxe8 Rxe8 28. Re1 Rxe1 29. Kxe1 Kd5 30. Kd2 Nb7 31. g3 Nd6 32. f3 a5 33. Kd3 Kc5 34. h3 Ne8 35. g4 Nf6 36. Kd2 Nd5 37. gxf5 gxf5 38. Bxf5 h6 39. h4 Nxf4 40. Be4 b4 41. a4 Kd6 42. Ke1 Ke5 43. Kf2 Ne6 44. Bd3 Kf4 45. Bc4 Nc5 46. Ke2 Kg3 47. h5 Kf4 48. Bf7 d3+ 49. Kd2 Kxf3 50. Bg6 Kf4 51. Bxd3 Nxd3 52. Kxd3 Kg5 53. Kc4 Kxh5 54. Kb5 Kg5 55. Kxa5 h5 56. Kxb4 h4 57. Kb5 h3 58. Kb6 h2 59. b4 h1Q 60. a5 Qa8 61. b5 Kf6 62. a6 Ke6 63. Kc7 Qa7+ 64. Kc6 Ke7 65. b6 Qxa6 66. Kc7 Qc4+ 67. Kb8 Kd7 68. b7 Qc7+ 69. Ka8 Qa5+ 70. Kb8 Qb6 71. Ka8 Kc7 72. b8Q+ Qxb8# 0-1

[Event "GER-ch Net blitz qual3"]
[Site "Playchess.com INT"]
[Date "2020.03.21"]
[Round "6"]
[White "Kahlert, Thomas"]
[Black "Cherny, Andrey"]
[Result "0-1"]
[WhiteElo "2147"]
[BlackElo "2188"]
[PlyCount "50"]
[EventDate "2020.03.21"]
[EventType "swiss (blitz)"]
[EventRounds "9"]
[EventCountry "GER"]
[SourceTitle "CBM 195 Extra"]
[Source "ChessBase"]
[SourceDate "2020.05.31"]
[SourceVersion "1"]
[SourceVersionDate "2020.05.31"]
[SourceQuality "1"]

1. c4 c6 2. e4 d5 3. exd5 cxd5 4. cxd5 Nf6 5. Nc3 Nxd5 6. Nf3 Nc6 7. d4 e6 8. Bd3 Be7 9. 0-0 0-0 10. Re1 Nf6 11. Bg5 b6 12. Rc1 Bb7 13. a3 Rc8 14. Qd2 Na5 15. Qf4 Nc4 16. Bxc4 Rxc4 17. Rcd1 Nd5 18. Nxd5 Bxg5 19. Nxg5 Qxd5 20. f3 h6 21. Nh3 Rd8 22. Re5 Qd6 23. Nf2 f6 24. Re4 Bxe4 25. Qxe4 e5 0-1

[Event "GER-ch Net blitz qual3"]
[Site "Playchess.com INT"]
[Date "2020.03.21"]
[Round "9"]
[White "Schirrmacher, Carsten"]
[Black "Cherny, Andrey"]
[Result "0-1"]
[WhiteElo "2102"]
[BlackElo "2188"]
[PlyCount "78"]
[EventDate "2020.03.21"]
[EventType "swiss (blitz)"]
[EventRounds "9"]
[EventCountry "GER"]
[SourceTitle "CBM 195 Extra"]
[Source "ChessBase"]
[SourceDate "2020.05.31"]
[SourceVersion "1"]
[SourceVersionDate "2020.05.31"]
[SourceQuality "1"]

1. e4 c5 2. Nf3 d6 3. d4 cxd4 4. Nxd4 Nf6 5. Nc3 a6 6. Be3 e5 7. Nb3 Be6 8. h3 h5 9. Bd3 Nbd7 10. 0-0 Be7 11. Qf3 b5 12. a4 b4 13. Nd5 Bxd5 14. exd5 Qc7 15. Bf5 g6 16. Bxd7+ Nxd7 17. Qe4 a5 18. c4 f5 19. Qc2 0-0 20. Rfd1 Rac8 21. Rac1 Kg7 22. f4 Bf6 23. Qf2 exf4 24. Qxf4 Bxb2 25. Qh6+ Kf7 26. Qh7+ Bg7 27. Bh6 Rg8 28. Re1 Nf6 29. Bxg7 Nxh7 30. Bb2 Rce8 31. Nd4 Rxe1+ 32. Rxe1 Re8 33. Ne6 Qxc4 34. Kh2 Qxd5 35. Nf4 Qa8 36. Rd1 Rd8 37. Nd5 Ng5 38. h4 Ne4 39. Bd4 Qxd5 0-1

[Event "GER-ch Net blitz qual2"]
[Site "Playchess.com INT"]
[Date "2020.03.16"]
[Round "9"]
[White "Flach, Erich"]
[Black "Cherny, Andrey"]
[Result "1-0"]
[WhiteElo "2073"]
[BlackElo "2188"]
[PlyCount "115"]
[EventDate "2020.03.16"]
[EventType "swiss (blitz)"]
[EventRounds "9"]
[EventCountry "GER"]
[SourceTitle "CBM 195 Extra"]
[Source "ChessBase"]
[SourceDate "2020.05.31"]
[SourceVersion "1"]
[SourceVersionDate "2020.05.31"]
[SourceQuality "1"]

1. c4 c6 2. e4 e6 3. Nc3 Na6 4. d4 Nc7 5. d5 d6 6. Nf3 e5 7. Bd3 c5 8. 0-0 Nf6 9. Ne1 g6 10. f4 exf4 11. Bxf4 Nh5 12. Be3 Bg7 13. Be2 Nf6 14. e5 Qe7 15. Bf4 dxe5 16. Bg5 h6 17. d6 Qe6 18. Bxf6 Bxf6 19. dxc7 0-0 20. Qd5 Bg5 21. Qxc5 Bd7 22. Nd5 Bc6 23. Nf3 b6 24. Nxg5 hxg5 25. Qxc6 Qxc6 26. Ne7+ Kg7 27. Nxc6 Rac8 28. Nxe5 Rxc7 29. Rad1 Re7 30. Rd5 f6 31. Rd7 Rfe8 32. Rxe7+ Rxe7 33. Bf3 Rxe5 34. Bd5 Re2 35. b4 Rxa2 36. h3 Rd2 37. Rf2 Rd1+ 38. Kh2 a5 39. b5 f5 40. Re2 f4 41. Re7+ Kh6 42. Re6 g4 43. hxg4 Kg5 44. Bf3 Rc1 45. Bd5 a4 46. Rxb6 a3 47. Ra6 Rc3 48. b6 Kxg4 49. b7 Rb3 50. Bf3+ Kf5 51. Ra5+ Ke6 52. c5 g5 53. c6 Kd6 54. Rxg5 a2 55. Ra5 Rb2 56. Ra8 Kc7 57. Kh3 Rd2 58. Rc8+ 1-0

[Event "GER-ch Net blitz qual2"]
[Site "Playchess.com INT"]
[Date "2020.03.16"]
[Round "3"]
[White "Monninger, Moritz Franz"]
[Black "Cherny, Andrey"]
[Result "0-1"]
[WhiteElo "2022"]
[BlackElo "2188"]
[PlyCount "146"]
[EventDate "2020.03.16"]
[EventType "swiss (blitz)"]
[EventRounds "9"]
[EventCountry "GER"]
[SourceTitle "CBM 195 Extra"]
[Source "ChessBase"]
[SourceDate "2020.05.31"]
[SourceVersion "1"]
[SourceVersionDate "2020.05.31"]
[SourceQuality "1"]

1. d4 d5 2. Nc3 Bf5 3. Bf4 e6 4. f3 Bg6 5. e4 Bb4 6. Bd3 Nc6 7. a3 Bd6 8. e5 Bf8 9. Nge2 Nge7 10. g4 h5 11. Bxg6 Nxg6 12. Bg3 hxg4 13. fxg4 Qg5 14. h3 Qxg4 15. hxg4 Rxh1+ 16. Kf2 Rxd1 17. Rxd1 Be7 18. Nf4 Nxf4 19. Bxf4 Nxd4 20. Rh1 Kd7 21. Rh7 Rg8 22. Ke3 Nxc2+ 23. Kd2 Na1 24. b4 a5 25. Rh1 Nb3+ 26. Kc2 Nd4+ 27. Kd3 Nc6 28. b5 Na7 29. a4 c5 30. bxc6+ Nxc6 31. Nb5 Nb4+ 32. Kd2 Rc8 33. Rh7 Bf8 34. g5 Rc2+ 35. Ke3 Ra2 36. Rh8 Be7 37. Rh7 Bc5+ 38. Kf3 Rf2+ 39. Kg4 Nd3 40. Bg3 Rf5 41. Rxg7 Ke7 42. g6 Nf2+ 43. Bxf2 Bxf2 44. Nd6 Rxe5 45. Nxf7 Kf6 46. Nxe5 Kxg7 47. Kh5 d4 48. Nd3 Be3 49. Kg4 Kxg6 50. Kf3 Kf5 51. Ke2 e5 52. Nc5 b6 53. Nd7 Ke4 54. Nxb6 d3+ 55. Kd1 Bxb6 56. Kd2 Kd4 57. Kd1 e4 58. Kd2 e3+ 59. Kd1 Kc3 60. Kc1 Bc5 61. Kd1 e2+ 62. Ke1 d2+ 63. Kxe2 Kc2 64. Kf3 d1Q+ 65. Kg2 Kb2 66. Kg3 Qxa4 67. Kg2 Qd4 68. Kf3 a4 69. Ke2 a3 70. Kf3 a2 71. Kg2 Qf2+ 72. Kh3 a1Q 73. Kg4 Qag1+ 0-1

[Event "GER-ch Net blitz qual1"]
[Site "Playchess.com INT"]
[Date "2020.03.07"]
[Round "6"]
[White "Meschke, Andreas"]
[Black "Cherny, Andrey"]
[Result "0-1"]
[WhiteElo "2069"]
[BlackElo "2188"]
[PlyCount "50"]
[EventDate "2020.03.07"]
[EventType "swiss (blitz)"]
[EventRounds "9"]
[EventCountry "GER"]
[SourceTitle "CBM 195 Extra"]
[Source "ChessBase"]
[SourceDate "2020.05.31"]
[SourceVersion "1"]
[SourceVersionDate "2020.05.31"]
[SourceQuality "1"]

1. e4 c5 2. Nf3 d6 3. Bb5+ Nc6 4. c4 e5 5. d3 h6 6. 0-0 Bg4 7. Bxc6+ bxc6 8. Qa4 Qd7 9. Nbd2 Nf6 10. Nh4 g6 11. f4 exf4 12. Rxf4 Bg7 13. Rf2 0-0 14. Nf1 Nh5 15. Be3 Rae8 16. Nf3 f5 17. e5 f4 18. Bd2 dxe5 19. Bc3 Qxd3 20. Rd1 Qf5 21. Qxc6 e4 22. Bxg7 Kxg7 23. Rd7+ Qxd7 24. Qxd7+ Bxd7 25. Nh4 g5 0-1

[Event "Vellmar op 11th"]
[Site "Vellmar"]
[Date "2019.07.05"]
[Round "2"]
[White "Cherny, Andrey"]
[Black "Lenhardt, Manfred"]
[Result "1-0"]
[WhiteElo "2188"]
[BlackElo "2004"]
[PlyCount "59"]
[EventDate "2019.07.04"]
[EventType "swiss"]
[EventRounds "7"]
[EventCountry "GER"]
[SourceTitle "CBM 191 Extra"]
[Source "ChessBase"]
[SourceDate "2019.09.30"]
[SourceVersion "1"]
[SourceVersionDate "2019.09.30"]
[SourceQuality "1"]

1. d4 d5 2. Bf4 Nf6 3. e3 Bf5 4. Nd2 c5 5. dxc5 Nc6 6. Nb3 e5 7. Bg3 Ne4 8. Bb5 f6 9. Qh5+ g6 10. Qe2 Nxc5 11. c3 a6 12. Nxc5 Bxc5 13. Ba4 0-0 14. Rd1 Kg7 15. Bb3 d4 16. e4 Bd7 17. Bd5 Qb6 18. Nh3 dxc3 19. bxc3 Ne7 20. Bc4 Ba4 21. Ra1 Rad8 22. 0-0 Qd6 23. Kh1 g5 24. Rfb1 Rd7 25. Qg4 Rc7 26. f4 Bd7 27. fxe5 Bxg4 28. exd6 Bxd6 29. Bxd6 Rxc4 30. Bxe7 1-0

[Event "Vellmar op 11th"]
[Site "Vellmar"]
[Date "2019.07.05"]
[Round "3"]
[White "Gerlach, Felix Tobias"]
[Black "Cherny, Andrey"]
[Result "0-1"]
[WhiteElo "2097"]
[BlackElo "2188"]
[PlyCount "64"]
[EventDate "2019.07.04"]
[EventType "swiss"]
[EventRounds "7"]
[EventCountry "GER"]
[SourceTitle "CBM 191 Extra"]
[Source "ChessBase"]
[SourceDate "2019.09.30"]
[SourceVersion "1"]
[SourceVersionDate "2019.09.30"]
[SourceQuality "1"]

1. e4 c5 2. Nf3 d6 3. d4 cxd4 4. Nxd4 Nf6 5. Nc3 a6 6. Be3 e5 7. Nb3 Be6 8. f3 Nbd7 9. g4 Be7 10. Qd2 0-0 11. 0-0-0 b5 12. g5 Nh5 13. Nd5 Bxd5 14. exd5 f6 15. gxf6 Rxf6 16. Na5 Nf4 17. Nc6 Qe8 18. Rg1 Bd8 19. c4 bxc4 20. Bxc4 Bb6 21. Kb1 Qh5 22. Bxb6 Nxb6 23. Bb3 Nd7 24. Qa5 Ne2 25. Rge1 Qxf3 26. Qc7 Nc5 27. Bc2 Qf2 28. Ne7+ Kh8 29. Nc8 Nd4 30. Rxd4 exd4 31. Rd1 d3 32. Bb3 Nxb3 0-1

[Event "Hessenliga 1819"]
[Site "Hessen"]
[Date "2019.02.03"]
[Round "5.1"]
[White "Cherny, Andrey"]
[Black "Colin, Vincent"]
[Result "0-1"]
[WhiteElo "2181"]
[BlackElo "2382"]
[PlyCount "82"]
[EventDate "2018.09.23"]
[EventType "team-tourn"]
[EventRounds "9"]
[EventCountry "GER"]
[SourceTitle "EXT 2020"]
[Source "ChessBase"]
[SourceDate "2019.10.17"]
[SourceVersion "1"]
[SourceVersionDate "2019.10.17"]
[SourceQuality "1"]
[WhiteTeam "Kassel"]
[BlackTeam "Bad Nauheim"]
[WhiteTeamCountry "GER"]
[BlackTeamCountry "GER"]

1. b3 e5 2. Bb2 Nc6 3. e3 d5 4. Bb5 e4 5. d3 Qg5 6. Kf1 Bg4 7. Qe1 exd3 8. h4 Qh6 9. Nf3 dxc2 10. Nc3 Bxf3 11. gxf3 0-0-0 12. Ne2 Bb4 13. Qc1 Nge7 14. Qxc2 Qh5 15. Ng3 Qh6 16. a3 Bd6 17. Nf5 Qh5 18. Nxd6+ Rxd6 19. Be2 d4 20. e4 d3 21. Bxd3 Qxf3 22. Rg1 Rxd3 23. Qe2 Rhd8 24. Qxf3 Rxf3 25. Ke2 Rxb3 26. Bxg7 Ng6 27. Rg4 h5 28. Rg5 Nf4+ 29. Ke1 Rh3 30. Rg1 Nd4 31. Bxd4 Rxd4 32. Rd1 Rxd1+ 33. Kxd1 Kd7 34. Rg7 Ke6 35. Rg8 Rxa3 36. Re8+ Kf6 37. e5+ Kg6 38. Rb8 Rb3 39. Kc2 Rb5 40. Rg8+ Kf5 41. Rc8 Rc5+ 0-1

[Event "Hessenliga 1718"]
[Site "Hessen"]
[Date "2018.02.18"]
[Round "7.1"]
[White "Dunsbach, Ralf"]
[Black "Cherny, Andrey"]
[Result "1/2-1/2"]
[WhiteElo "2209"]
[BlackElo "2179"]
[PlyCount "133"]
[EventDate "2017.09.17"]
[EventType "team-tourn"]
[EventRounds "9"]
[EventCountry "GER"]
[SourceTitle "CBM 189 Extra"]
[Source "ChessBase"]
[SourceDate "2019.06.03"]
[SourceVersion "1"]
[SourceVersionDate "2019.06.03"]
[SourceQuality "1"]
[WhiteTeam "Bad Homburg"]
[BlackTeam "Kassel II"]
[WhiteTeamCountry "GER"]
[BlackTeamCountry "GER"]

1. c4 e6 2. g3 d5 3. Bg2 dxc4 4. Qa4+ Nd7 5. Qxc4 Rb8 6. a4 a6 7. a5 Ngf6 8. Nf3 Bd6 9. 0-0 0-0 10. d4 b5 11. axb6 cxb6 12. Bg5 b5 13. Qd3 Bb7 14. Nbd2 Qb6 15. e4 Bb4 16. h3 h6 17. Be3 Rfd8 18. e5 Nd5 19. Ne4 Be7 20. Bd2 b4 21. Rfc1 Nc7 22. Be3 Bd5 23. Nfd2 Ra8 24. Nc4 Qb5 25. Qc2 Qxc4 26. Qxc4 Bxc4 27. Rxc4 Nd5 28. Ra5 N7b6 29. Rc6 Rdc8 30. Rxc8+ Rxc8 31. Rxa6 Rc2 32. b3 Rb2 33. Nc5 Nxe3 34. fxe3 Nd5 35. Ra8+ Kh7 36. Be4+ g6 37. Bxd5 exd5 38. Ra7 Bxc5 39. dxc5 Rxb3 40. Kf2 Rc3 41. Rxf7+ Kg8 42. Rb7 Rxc5 43. Rxb4 Kf7 44. Rb6 Rc2+ 45. Kf3 Rd2 46. Rf6+ Kg7 47. Rd6 Kf7 48. h4 h5 49. Rf6+ Kg7 50. Rf4 Ra2 51. Rd4 Ra5 52. Kf4 Kf7 53. Kg5 Ke6 54. e4 Ra3 55. Kf4 dxe4 56. Rxe4 Rb3 57. Rd4 Ra3 58. Rd6+ Kf7 59. Rd7+ Ke6 60. Rd6+ Kf7 61. Rd4 Ke6 62. Rb4 Rc3 63. Rb6+ Kf7 64. Rb7+ Ke6 65. Rg7 Rc4+ 66. Kg5 Rg4+ 67. Kh6 1/2-1/2